[Event "Lliga Catalana DH "]
[Site "Barbera del Valles"]
[Date "2018.03.17"]
[Round "9.3"]
[White "Alonso Moyano, Jonathan"]
[Black "Boix Moreno, Daniel"]
[Result "1-0"]
[WhiteElo "2458"]
[BlackElo "2328"]
[PlyCount "125"]
[EventDate "2018.??.??"]
[SourceDate "2015.07.10"]
[WhiteTeam "BAB"]
[BlackTeam "TPE"]

1. e4 c5 2. Nc3 Nc6 3. Bb5 Nd4 4. Bc4 e6 5. Nge2 a6 6. Nxd4 cxd4 7. Ne2 Bc5 8.
b4 Bxb4 9. Nxd4 Qc7 10. Bd3 d5 11. Bb2 dxe4 12. Bxe4 Nf6 13. Bd3 O-O 14. O-O
Re8 15. Rb1 Bd6 16. h3 b6 17. c4 Bb7 18. Be2 Rad8 19. d3 Bf8 20. Qc1 e5 21. Nf5
Bc8 22. Qg5 Bxf5 23. Qxf5 Bc5 24. Bf3 Bd4 25. Bxd4 Rxd4 26. g3 Qd6 27. Bb7 Rxd3
28. Bxa6 Rd4 29. Qc2 Ra8 30. Bb7 Ra7 31. Bg2 Rc7 32. Qb3 Nd7 33. Bd5 g6 34.
Rfd1 Rxd1+ 35. Rxd1 Qf6 36. Rb1 Kg7 37. Qe3 Rc5 38. Rb3 Ra5 39. Qd2 Qe7 40. Bc6
Ra7 41. Qe3 Rxa2 42. Bxd7 Qxd7 43. Rxb6 Ra1+ 44. Kg2 Qd4 45. Qxd4 exd4 46. Rd6
Rd1 47. Kf3 Rd2 48. Ke4 Rxf2 49. Rxd4 Rg2 50. Rd3 f5+ 51. Kd5 g5 52. c5 f4 53.
gxf4 gxf4 54. c6 Kf6 55. c7 Rc2 56. Kd6 h5 57. Kd7 Ke5 58. h4 Ke4 59. Rd6 Rxc7+
60. Kxc7 f3 61. Rf6 Ke3 62. Kd6 Ke4 63. Kd7 1-0

[Event "Lliga Catalana DH "]
[Site "Barbera del Valles"]
[Date "2018.03.17"]
[Round "9.4"]
[White "Gonzalez Garcia, Marc"]
[Black "Perez Mañas, Benjamin"]
[Result "0-1"]
[WhiteElo "2338"]
[BlackElo "2410"]
[PlyCount "144"]
[EventDate "2018.??.??"]
[SourceDate "2015.07.10"]
[WhiteTeam "TPE"]
[BlackTeam "BAB"]

1. d4 f5 2. g3 Nf6 3. Bg2 g6 4. Nh3 Bg7 5. c3 d6 6. Qb3 c6 7. Nf4 d5 8. Nd3
Nbd7 9. Nd2 e6 10. Nf3 Qe7 11. O-O O-O 12. Bf4 Ne4 13. Rfd1 g5 14. Be5 Nxe5 15.
Nfxe5 c5 16. Qa3 b6 17. f3 Nd6 18. dxc5 Nc4 19. Nxc4 dxc4 20. f4 Rb8 21. Ne5
Bxe5 22. fxe5 Qg7 23. c6 Qxe5 24. Qd6 Qe3+ 25. Kh1 Ba6 26. Qd2 Qxd2 27. Rxd2
Rbc8 28. Rd7 Rf7 29. Rad1 Bb5 30. Rxf7 Kxf7 31. Rd7+ Kf6 32. Rxa7 Bxc6 33. Bxc6
Rxc6 34. Rxh7 Rc5 35. Rd7 Ra5 36. a3 Re5 37. Rd2 f4 38. Kg2 Kf5 39. Kf2 Rb5 40.
h3 e5 41. b4 cxb3 42. Rb2 Rc5 43. Rxb3 b5 44. g4+ Ke4 45. a4 bxa4 46. Rb4+ Kd5
47. Rxa4 Rxc3 48. Ra5+ Kd4 49. Ra4+ Kd5 50. Ra5+ Rc5 51. Ra8 e4 52. Rd8+ Ke5
53. Re8+ Kd4 54. Rd8+ Rd5 55. Ra8 Re5 56. Rd8+ Rd5 57. Ra8 Ke5 58. Re8+ Kd4 59.
Ra8 Kc5 60. Rc8+ Kd6 61. Ra8 Ke7 62. Ra7+ Kf6 63. Ra8 Rd2 64. Kf1 Ke5 65. Ra4
f3 66. exf3 exf3 67. Rb4 Rd4 68. Rxd4 Kxd4 69. Kf2 Ke4 70. h4 gxh4 71. g5 h3
72. Kg1 Ke3 0-1

[Event "Lliga Catalana DH "]
[Site "Barbera del Valles"]
[Date "2018.03.17"]
[Round "9.5"]
[White "Obon Temprano, Sergi"]
[Black "Gallart Zafra, Jaume"]
[Result "1-0"]
[WhiteElo "2384"]
[BlackElo "2298"]
[PlyCount "59"]
[EventDate "2018.??.??"]
[SourceDate "2015.07.10"]
[WhiteTeam "BAB"]
[BlackTeam "TPE"]

1. d4 Nf6 2. Nf3 g6 3. Bf4 Bg7 4. Nbd2 d5 5. h3 O-O 6. e3 Nbd7 7. Bd3 c5 8. c3
b6 9. O-O Bb7 10. Qc2 Rc8 11. Rad1 Ne8 12. Qb1 f6 13. e4 Nc7 14. Rfe1 cxd4 15.
cxd4 e5 16. dxe5 Nxe5 17. Bxe5 fxe5 18. exd5 Kh8 19. Be4 Nb5 20. d6 Bxe4 21.
Nxe4 Rxf3 22. gxf3 Nd4 23. Qd3 Bh6 24. Ng3 Qf6 25. Kg2 Rf8 26. Rxe5 Nxf3 27.
Re2 Bg7 28. d7 Nd4 29. Red2 Qc6+ 30. Qe4 1-0

[Event "Lliga Catalana DH "]
[Site "Barbera del Valles"]
[Date "2018.03.17"]
[Round "9.6"]
[White "Leiro Giralt, Daniel"]
[Black "Rivas Garcia, Victor"]
[Result "1-0"]
[WhiteElo "2285"]
[BlackElo "2343"]
[PlyCount "89"]
[EventDate "2018.??.??"]
[SourceDate "2015.07.10"]
[WhiteTeam "TPE"]
[BlackTeam "BAB"]

1. e4 c5 2. Nc3 a6 3. a4 Nc6 4. g3 g6 5. Bg2 Bg7 6. Nge2 e6 7. d3 d6 8. Be3 Nd4
9. Qd2 Rb8 10. Nd1 e5 11. O-O Bg4 12. f3 Be6 13. f4 Ne7 14. f5 gxf5 15. Bxd4
cxd4 16. Qg5 O-O 17. exf5 f6 18. Qh5 Bd5 19. Bxd5+ Nxd5 20. Qf3 Nb4 21. c3 dxc3
22. bxc3 Nc6 23. Ne3 Ne7 24. c4 Qb6 25. Rab1 Qc5 26. Kg2 b5 27. cxb5 axb5 28.
Rfc1 Qa3 29. axb5 Qxd3 30. Rd1 Qa3 31. g4 Rfc8 32. Nd5 Qxf3+ 33. Kxf3 Nxd5 34.
Rxd5 Rb6 35. Rc1 Rxc1 36. Nxc1 Kf7 37. Nb3 Bf8 38. Na5 Be7 39. Nc4 Rb8 40. b6
Rd8 41. b7 Ke8 42. Ra5 Kd7 43. Ra8 Kc7 44. Na5 Rb8 45. Rxb8 1-0

[Event "Lliga Catalana DH "]
[Site "Barbera del Valles"]
[Date "2018.03.17"]
[Round "9.7"]
[White "Martinez Ramirez, Erik"]
[Black "Moll, Arne"]
[Result "1/2-1/2"]
[WhiteElo "2335"]
[BlackElo "2221"]
[PlyCount "93"]
[EventDate "2018.??.??"]
[SourceDate "2015.07.10"]
[WhiteTeam "BAB"]
[BlackTeam "TPE"]

1. e4 c5 2. Nf3 d6 3. d4 cxd4 4. Nxd4 Nf6 5. Nc3 Bd7 6. Bg5 e6 7. f4 h6 8. Bh4
Be7 9. Qf3 Nc6 10. O-O-O Nxd4 11. Rxd4 g5 12. fxg5 Nh7 13. g6 fxg6 14. Bxe7
Qxe7 15. Qg3 Qg5+ 16. Qxg5 hxg5 17. Rxd6 Ke7 18. e5 Rac8 19. Ne4 Bc6 20. Bd3
Bxe4 21. Bxe4 Rc5 22. Bxb7 Rb8 23. Bf3 Rbc8 24. c3 Rxe5 25. Ra6 Rc7 26. Rd1 Nf6
27. Rd4 Re1+ 28. Kd2 Rb1 29. Kc2 Rf1 30. Rd1 Rxd1 31. Bxd1 Nd5 32. Kb3 Ne3 33.
Bf3 g4 34. Be4 g5 35. Ra4 Kf6 36. h3 gxh3 37. gxh3 Ke5 38. Bf3 Nf1 39. Re4+ Kf6
40. Kc2 Ng3 41. Rb4 Nf5 42. a4 a5 43. Re4 e5 44. Kd3 Rd7+ 45. Kc2 Rc7 46. Re1
Rc4 47. Re4 1/2-1/2

[Event "Lliga Catalana DH "]
[Site "Barbera del Valles"]
[Date "2018.03.17"]
[Round "9.8"]
[White "Prat Llabres, Joan"]
[Black "Carrasco Rodriguez, Jesus"]
[Result "1-0"]
[WhiteElo "2259"]
[BlackElo "2285"]
[PlyCount "59"]
[EventDate "2018.??.??"]
[SourceDate "2015.07.10"]
[WhiteTeam "TPE"]
[BlackTeam "BAB"]

1. e4 d5 2. exd5 Nf6 3. Nc3 Nxd5 4. Bc4 e6 5. Qf3 c6 6. Nge2 Be7 7. d4 Nxc3 8.
Qxc3 O-O 9. O-O b5 10. Bd3 b4 11. Qb3 Bb7 12. a3 a5 13. axb4 axb4 14. Rxa8 Bxa8
15. Be4 Nd7 16. Rd1 Nc5 17. Qe3 Nxe4 18. Qxe4 c5 19. Qg4 Kh8 20. Rd3 c4 21. Rg3
Bf6 22. c3 bxc3 23. bxc3 e5 24. Be3 Qb8 25. h4 Qb1+ 26. Kh2 Qe4 27. dxe5 Bxe5
28. Bf4 f5 29. Qg5 Qxe2 30. Qe7 1-0

[Event "Lliga Catalana DH "]
[Site "Barbera del Valles"]
[Date "2018.03.17"]
[Round "9.9"]
[White "Ramirez Carrizo, Victor"]
[Black "Cespedes Llaveries, Llibert"]
[Result "1-0"]
[WhiteElo "2263"]
[BlackElo "2110"]
[PlyCount "69"]
[EventDate "2018.??.??"]
[SourceDate "2015.07.10"]
[WhiteTeam "BAB"]
[BlackTeam "TPE"]

1. e4 c5 2. Nf3 Nc6 3. d4 cxd4 4. Nxd4 g6 5. Nc3 Bg7 6. Be3 Nf6 7. Bc4 O-O 8.
Bb3 Re8 9. h4 e6 10. h5 d5 11. Nxc6 bxc6 12. e5 Nd7 13. Qg4 Nxe5 14. Qg3 Nd7
15. O-O-O Ba6 16. Rh4 Be5 17. f4 Bf6 18. Rh3 Qe7 19. Qf2 Qb4 20. hxg6 hxg6 21.
a3 Qe7 22. Rdh1 Bg7 23. g4 Qd6 24. Rh7 c5 25. Qh4 Kf8 26. Ba4 Bb7 27. Bxd7 d4
28. Bxe8 Bxh1 29. Qxh1 Rxe8 30. Ne4 Qb6 31. Bd2 d3 32. Rxg7 Kxg7 33. Bc3+ Kf8
34. Bf6 d2+ 35. Nxd2 1-0

[Event "Lliga Catalana DH "]
[Site "Barbera del Valles"]
[Date "2018.03.17"]
[Round "9.10"]
[White "Moreno Oller, Victor"]
[Black "Almeria Vivo, Marc"]
[Result "0-1"]
[WhiteElo "1956"]
[BlackElo "2299"]
[PlyCount "126"]
[EventDate "2018.??.??"]
[SourceDate "2015.07.10"]
[WhiteTeam "TPE"]
[BlackTeam "BAB"]

1. d4 Nf6 2. c4 g6 3. g3 Bg7 4. Bg2 d6 5. Nf3 O-O 6. O-O Nbd7 7. Nc3 c6 8. e4
e5 9. h3 Re8 10. Be3 exd4 11. Nxd4 Nc5 12. Qc2 Qe7 13. Rfe1 a5 14. Nb3 Be6 15.
Nxc5 dxc5 16. Na4 Nd7 17. f4 f6 18. Rad1 Bf8 19. Rd2 Qf7 20. f5 gxf5 21. exf5
Bxc4 22. Rxd7 Qxd7 23. Qxc4+ Qf7 24. Qxf7+ Kxf7 25. Bf3 Re5 26. g4 Rae8 27. Kf2
Bh6 28. Bxh6 Rxe1 29. Nxc5 Rb1 30. Nd3 Rd8 31. Be4 Rxd3 32. Bxd3 Rxb2+ 33. Ke1
Rh2 34. Bf1 b5 35. a4 Rb2 36. axb5 cxb5 37. Bc1 Rb1 38. Kd2 a4 39. Kc2 Rb3 40.
Bg2 Kg7 41. Bf1 b4 42. Bd2 Rf3 43. Bb5 b3+ 44. Kb2 Rf2 45. Bxa4 Rxd2+ 46. Kxb3
Rd3+ 47. Kc2 Rxh3 48. Bb5 Rh2+ 49. Kd1 Kh6 50. Be2 Kg5 51. Kd2 Kf4 52. Kd3 Rxe2
53. Kxe2 Kxg4 54. Ke3 Kxf5 55. Kf3 h5 56. Kg3 Kg5 57. Kh3 h4 58. Kg2 Kg4 59.
Kh2 f5 60. Kg2 f4 61. Kf2 h3 62. Kg1 Kf3 63. Kh1 Ke2 0-1

[Event "Lliga Catalana DH "]
[Site "?"]
[Date "2018.03.17"]
[Round "9.1"]
[White "Pichot, Alan"]
[Black "Peralta, Fernando"]
[Result "1-0"]
[WhiteElo "2552"]
[BlackElo "2593"]
[PlyCount "61"]
[EventDate "2017.??.??"]
[SourceDate "2015.07.10"]
[WhiteTeam "MLL"]
[BlackTeam "EEB"]

1. e4 e6 2. d4 d5 3. Nc3 Nf6 4. e5 Nfd7 5. f4 c5 6. Nf3 Nc6 7. Be3 Be7 8. a3 b6
9. Bd3 Bb7 10. O-O O-O 11. Kh1 f6 12. exf6 Bxf6 13. Bb5 a6 14. Bxc6 Bxc6 15.
Qe2 Qc7 16. Rae1 Rae8 17. Ne5 Bxe5 18. fxe5 a5 19. Bg1 cxd4 20. Bxd4 Re7 21.
Rxf8+ Nxf8 22. Rf1 Rf7 23. Rxf7 Qxf7 24. Kg1 b5 25. Na2 Ng6 26. Be3 a4 27. Qg4
h6 28. Qb4 Bd7 29. Nc1 Ne7 30. Bd2 Nc6 31. Qd6 1-0

[Event "Lliga Catalana DH "]
[Site "?"]
[Date "2018.03.17"]
[Round "9.2"]
[White "Moskalenko, Viktor"]
[Black "Demuth, Adrien"]
[Result "1/2-1/2"]
[WhiteElo "2588"]
[BlackElo "2528"]
[PlyCount "66"]
[EventDate "2017.??.??"]
[SourceDate "2015.07.10"]
[WhiteTeam "EEB"]
[BlackTeam "MLL"]

1. d4 Nf6 2. c4 c5 3. d5 b5 4. Qc2 b4 5. e4 d6 6. f4 g6 7. Bd3 Bg7 8. Nf3 O-O
9. O-O Nbd7 10. Qe2 e6 11. dxe6 fxe6 12. Ng5 Nb6 13. Nd2 Nh5 14. Nb3 e5 15. f5
Nf4 16. Bxf4 exf4 17. Nh3 g5 18. a3 Na4 19. axb4 Nxb2 20. Ra2 Qf6 21. Rb1 Nxd3
22. Qxd3 Rf7 23. b5 Bb7 24. Nf2 Re7 25. Rd1 Rae8 26. Qxd6 Bxe4 27. Qxf6 Bxf6
28. Nxe4 Rxe4 29. Rd6 Bc3 30. Re6 R8xe6 31. fxe6 Rxe6 32. Kf2 Re3 33. Re2 Rd3
1/2-1/2

[Event "Lliga Catalana DH "]
[Site "?"]
[Date "2018.03.17"]
[Round "9.3"]
[White "Arenas Vanegas, David"]
[Black "Aroshidze, Levan"]
[Result "0-1"]
[WhiteElo "2495"]
[BlackElo "2557"]
[PlyCount "83"]
[EventDate "2017.??.??"]
[SourceDate "2015.07.10"]
[WhiteTeam "MLL"]
[BlackTeam "EEB"]

1. e4 c5 2. Nf3 e6 3. d4 cxd4 4. Nxd4 a6 5. c4 Nf6 6. Nc3 Qc7 7. Be2 Bb4 8. O-O
O-O 9. Bg5 Bxc3 10. Bxf6 Bb4 11. Bh4 Nc6 12. Bg3 e5 13. Nf5 d6 14. a3 Bc5 15.
b4 Bd4 16. Rc1 Bxf5 17. exf5 f6 18. Bf3 Ne7 19. Be4 a5 20. Qb3 axb4 21. axb4
Qd7 22. Kh1 Qa4 23. Qb1 Nc6 24. b5 Na5 25. f4 Rac8 26. Be1 Nxc4 27. Bxb7 Rc5
28. Bc6 Bb2 29. Rc2 Rb8 30. Bf2 Bd4 31. Qc1 Kh8 32. fxe5 Nxe5 33. Rxc5 dxc5 34.
Bg3 c4 35. Qd1 Qa7 36. Qe2 Qc5 37. Bxe5 Bxe5 38. Rd1 c3 39. g3 h6 40. Qg2 Kh7
41. Qh3 Rc8 42. Rd3 0-1

[Event "Lliga Catalana DH "]
[Site "?"]
[Date "2018.03.17"]
[Round "9.4"]
[White "Narciso Dublan, Marc"]
[Black "Garriga Cazorla, Pere"]
[Result "1/2-1/2"]
[WhiteElo "2535"]
[BlackElo "2469"]
[PlyCount "84"]
[EventDate "2017.??.??"]
[SourceDate "2015.07.10"]
[WhiteTeam "EEB"]
[BlackTeam "MLL"]

1. d4 Nf6 2. c4 e6 3. Nc3 Bb4 4. Qc2 O-O 5. Nf3 c5 6. dxc5 Na6 7. g3 Nxc5 8.
Bg2 b6 9. O-O Bb7 10. Rd1 Qc8 11. Rd4 a5 12. Bd2 d5 13. cxd5 Bxc3 14. Bxc3 Bxd5
15. Ne1 Bxg2 16. Nxg2 e5 17. Rdd1 Nce4 18. Ne3 Qe6 19. Be1 Rac8 20. Qb3 Qc6 21.
Nf5 Rfe8 22. Qe3 g6 23. Nh4 Qe6 24. Rac1 Rxc1 25. Rxc1 Nc5 26. Bxa5 Ncd7 27.
Bc3 Qxa2 28. Nf3 Qe6 29. Rd1 Nd5 30. Qe4 Nxc3 31. bxc3 Nc5 32. Qd5 Kg7 33. c4
Qf6 34. Qd6 Re6 35. Qb8 e4 36. Nd4 Re7 37. e3 Nd3 38. Rd2 Ne5 39. Ra2 Nf3+ 40.
Nxf3 Qxf3 41. Ra7 Qd1+ 42. Kg2 Qf3+ 1/2-1/2

[Event "Lliga Catalana DH "]
[Site "?"]
[Date "2018.03.17"]
[Round "9.5"]
[White "Fernandez Diaz, Cristian"]
[Black "Matnadze, Ana"]
[Result "0-1"]
[WhiteElo "2349"]
[BlackElo "2482"]
[PlyCount "90"]
[EventDate "2017.??.??"]
[SourceDate "2015.07.10"]
[WhiteTeam "MLL"]
[BlackTeam "EEB"]

1. d4 Nf6 2. c4 e6 3. Nf3 d5 4. Nc3 Nbd7 5. e3 c6 6. Qc2 Be7 7. Bd3 b6 8. O-O
Bb7 9. Rd1 Rc8 10. e4 Nxe4 11. Nxe4 dxe4 12. Bxe4 Nf6 13. Bd3 Qc7 14. Bg5 Rd8
15. c5 Nd5 16. Bxe7 Qxe7 17. a3 Nf4 18. Be4 f5 19. Bxf5 exf5 20. Re1 Ne6 21.
Qxf5 Bc8 22. Re5 Qf6 23. Qh5+ Qf7 24. Qh4 O-O 25. Rae1 h6 26. h3 Qf6 27. cxb6
axb6 28. Qxf6 Rxf6 29. Rc1 Bb7 30. Rc4 b5 31. Rb4 Nf4 32. Rb3 Bc8 33. Rc3 Rg6
34. Nh4 Rgd6 35. Nf3 Bd7 36. Re4 Nd5 37. Rc5 Nf6 38. Re1 Be8 39. Re7 R8d7 40.
Re1 Rb7 41. Re3 Kf8 42. g4 Nd5 43. Re5 Rf7 44. Nd2 Nf4 45. Ne4 Rxd4 0-1

[Event "Lliga Catalana DH "]
[Site "?"]
[Date "2018.03.17"]
[Round "9.6"]
[White "Grafl, Florian"]
[Black "Montilla Carrillo, Esteban"]
[Result "1-0"]
[WhiteElo "2421"]
[BlackElo "2315"]
[PlyCount "45"]
[EventDate "2017.??.??"]
[SourceDate "2015.07.10"]
[WhiteTeam "EEB"]
[BlackTeam "MLL"]

1. b3 e5 2. Bb2 Nc6 3. e3 Nf6 4. h3 a6 5. Nf3 e4 6. Nd4 Nxd4 7. Bxd4 d5 8. c4
c5 9. Bxf6 Qxf6 10. Nc3 d4 11. Nxe4 Qg6 12. Qf3 f5 13. Ng3 Bd6 14. exd4 O-O 15.
dxc5 Re8+ 16. Be2 Be5 17. d4 f4 18. dxe5 fxg3 19. Qxg3 Qc2 20. f4 Bf5 21. Qe3
Rad8 22. O-O Rd2 23. Bf3 1-0

[Event "Lliga Catalana DH "]
[Site "?"]
[Date "2018.03.17"]
[Round "9.7"]
[White "Perales Galindo, Eduard"]
[Black "Hernando Rodrigo, Julio Antonio"]
[Result "1-0"]
[WhiteElo "2323"]
[BlackElo "2397"]
[PlyCount "80"]
[EventDate "2017.??.??"]
[SourceDate "2015.07.10"]
[WhiteTeam "MLL"]
[BlackTeam "EEB"]

1. e4 e6 2. d4 d5 3. e5 c5 4. c3 Nc6 5. Nf3 Qb6 6. a3 c4 7. Nbd2 Na5 8. Rb1 Bd7
9. Be2 Qc7 10. O-O Ne7 11. Re1 Nc8 12. Bf1 Be7 13. h4 Nb6 14. g3 h6 15. Nh2
O-O-O 16. Qf3 Rdf8 17. b4 cxb3 18. Nxb3 Nxb3 19. Rxb3 Ba4 20. Rb1 Bc2 21. Ra1
h5 22. Bf4 Nc4 23. Qe2 Bf5 24. Qa2 Kb8 25. Nf3 Ka8 26. a4 Qa5 27. Nd2 g5 28.
hxg5 Nxd2 29. Bxd2 h4 30. g4 Bxg4 31. f4 Bf5 32. Kh2 Rc8 33. Qb2 Qd8 34. Ra2
Qg8 35. Qb5 Rc7 36. a5 Qh7 37. a6 b6 38. c4 Bd3 39. Ra4 Bxf1 40. Rxf1 Qd3 1-0

[Event "Lliga Catalana DH "]
[Site "?"]
[Date "2018.03.17"]
[Round "9.8"]
[White "Chueca Forcen, Alberto"]
[Black "Amores Gago, Javier"]
[Result "1-0"]
[WhiteElo "2361"]
[BlackElo "2310"]
[PlyCount "135"]
[EventDate "2017.??.??"]
[SourceDate "2015.07.10"]
[WhiteTeam "EEB"]
[BlackTeam "MLL"]

1. e4 d6 2. d4 Nf6 3. Nc3 Nbd7 4. Nf3 e5 5. Bc4 Be7 6. h3 c6 7. a4 a5 8. O-O
O-O 9. Be3 exd4 10. Qxd4 Qc7 11. Rad1 Ne5 12. Nxe5 dxe5 13. Qb6 Qb8 14. Qb3 Nd7
15. Rd2 Qc7 16. Rfd1 h6 17. Kh1 Nc5 18. Qa2 Rb8 19. f3 Ne6 20. Ne2 b5 21. axb5
cxb5 22. Bd5 Bb4 23. c3 Be7 24. Ra1 Bc5 25. Bxc5 Qxc5 26. Qxa5 Qe3 27. Rad1 Ng5
28. Ng1 Ne6 29. Qb4 Nf4 30. Qd6 Rb6 31. Qxe5 Rg6 32. Qd4 Qxd4 33. cxd4 Nxd5 34.
exd5 Rd6 35. Ne2 Rfd8 36. Nc3 b4 37. Na2 Rb6 38. Rc1 Bb7 39. Rc4 b3 40. Nc3
Bxd5 41. Nxd5 Rxd5 42. Rd3 Kf8 43. Rcc3 Ke7 44. Kg1 Rb4 45. Rxb3 Rxb3 46. Rxb3
Rxd4 47. Re3+ Kd6 48. Kf2 Rd2+ 49. Re2 Rd1 50. Ke3 Kc6 51. Rc2+ Kb7 52. Rd2 Rg1
53. Kf2 Rb1 54. Rd7+ Kc6 55. Rxf7 Rxb2+ 56. Kg3 g5 57. Rf6+ Kd5 58. Rxh6 Ke5
59. Ra6 Kf5 60. Ra5+ Kg6 61. Ra4 Rc2 62. h4 gxh4+ 63. Rxh4 Kg5 64. Re4 Kf5 65.
Ra4 Rc5 66. Kh3 Kg5 67. f4+ Kg6 68. g4 1-0

[Event "Lliga Catalana DH "]
[Site "?"]
[Date "2018.03.17"]
[Round "9.9"]
[White "Morros Faura, Ricard"]
[Black "Avila Jimenez, Xavier"]
[Result "0-1"]
[WhiteElo "2337"]
[BlackElo "2318"]
[PlyCount "56"]
[EventDate "2017.??.??"]
[SourceDate "2015.07.10"]
[WhiteTeam "MLL"]
[BlackTeam "EEB"]

1. e4 d5 2. d4 dxe4 3. Nc3 Nf6 4. f3 exf3 5. Nxf3 Bf5 6. Bc4 e6 7. Bg5 Be7 8.
Qe2 c6 9. O-O-O Nbd7 10. Rhf1 Qa5 11. Bd2 Qc7 12. h3 h6 13. Ne5 Nxe5 14. dxe5
Nd7 15. Rxf5 exf5 16. Bxf7+ Kxf7 17. e6+ Kg6 18. exd7 Qxd7 19. Bxh6 Qe8 20. Bf4
Bf6 21. Qf3 Rd8 22. Rg1 Qe6 23. g4 fxg4 24. Rxg4+ Kf7 25. Bd2 Rxd2 26. Kxd2
Rd8+ 27. Kc1 Qe1+ 28. Nd1 Rxd1+ 0-1

[Event "Lliga Catalana DH "]
[Site "?"]
[Date "2018.03.17"]
[Round "9.10"]
[White "Orteu Capdevila, Max"]
[Black "De Seroux Fouquet, Camille"]
[Result "1-0"]
[WhiteElo "2213"]
[BlackElo "2111"]
[PlyCount "91"]
[EventDate "2017.??.??"]
[SourceDate "2015.07.10"]
[WhiteTeam "EEB"]
[BlackTeam "MLL"]

1. c4 Nf6 2. g3 g6 3. Bg2 Bg7 4. Nc3 O-O 5. e3 d6 6. Nge2 e5 7. Rb1 Nc6 8. d3
a5 9. b3 Be6 10. Nd5 Qd7 11. h3 h5 12. Bb2 Rfe8 13. Qd2 Nh7 14. Nec3 Nd8 15.
Rc1 Rb8 16. e4 Nc6 17. Nb5 Rbc8 18. Nbc3 Nd4 19. Ne2 Nxe2 20. Qxe2 Rcd8 21. Qd2
c6 22. Ne3 Ra8 23. h4 Nf6 24. O-O Bh6 25. Rfd1 Bg4 26. f3 Bh3 27. d4 Bxg2 28.
Kxg2 Qe7 29. dxe5 dxe5 30. Nf5 Bxd2 31. Nxe7+ Rxe7 32. Rxd2 Rae8 33. Rcd1 Re6
34. Kf2 Nh7 35. Rd7 R6e7 36. Ba3 Rxd7 37. Rxd7 b5 38. c5 Nf8 39. Ra7 Rd8 40.
Ke2 Ne6 41. Bb2 Nxc5 42. Bxe5 Nd3 43. Bf6 Nc1+ 44. Ke3 Re8 45. Rxa5 Kh7 46. Kd2
1-0

[Event "Lliga Catalana DH "]
[Site "?"]
[Date "2018.03.17"]
[Round "9.1"]
[White "Asis Gargatagli, Hipolito"]
[Black "Campos Moreno, Javier B"]
[Result "1/2-1/2"]
[WhiteElo "2561"]
[BlackElo "2510"]
[PlyCount "42"]
[EventDate "2018.??.??"]
[SourceDate "2015.07.10"]
[WhiteTeam "SCU"]
[BlackTeam "OLO"]

1. e4 e5 2. Nf3 Nc6 3. Bc4 Bc5 4. O-O Nf6 5. d3 d6 6. c3 a6 7. a4 Ba7 8. Re1 h6
9. Na3 O-O 10. Nc2 Be6 11. Bxe6 fxe6 12. Be3 Nh5 13. d4 Qf6 14. b4 Nf4 15. b5
Ne7 16. bxa6 bxa6 17. dxe5 dxe5 18. Bxa7 Rxa7 19. Re3 Raa8 20. Qe1 a5 21. h3 h5
1/2-1/2

[Event "Lliga Catalana DH "]
[Site "?"]
[Date "2018.03.17"]
[Round "9.2"]
[White "Vidal Zamora, Alex"]
[Black "Alonso Bouza, Julio Javier"]
[Result "1-0"]
[WhiteElo "2422"]
[BlackElo "2373"]
[PlyCount "81"]
[EventDate "2018.??.??"]
[SourceDate "2015.07.10"]
[WhiteTeam "OLO"]
[BlackTeam "SCU"]

1. d4 g6 2. c4 Bg7 3. Nc3 d6 4. Nf3 Nd7 5. g3 e5 6. Bg2 exd4 7. Nxd4 Ngf6 8.
O-O O-O 9. b3 Re8 10. Bb2 Nc5 11. Qc2 c6 12. Rad1 Qb6 13. Bc1 Ng4 14. h3 Ne5
15. Kh2 f5 16. Nf3 Nf7 17. Be3 Qc7 18. Bd4 Bh6 19. e3 a5 20. Ne2 a4 21. b4 Ne6
22. Ba1 a3 23. Ned4 Ng7 24. Qb3 Nh5 25. Nc2 g5 26. Rfe1 g4 27. Nfd4 gxh3 28.
Bxh3 Ng5 29. Bxf5 c5 30. Bxc8 Qxc8 31. Rh1 cxd4 32. Nxd4 Bg7 33. c5+ Kf8 34.
Kg2 Bxd4 35. Rxd4 dxc5 36. bxc5 Qc6+ 37. Qd5 Ng7 38. Rf4+ Ke7 39. Bf6+ Qxf6 40.
Rxf6 Kxf6 41. Rh6+ 1-0

[Event "Lliga Catalana DH "]
[Site "?"]
[Date "2018.03.17"]
[Round "9.3"]
[White "Lillo Castany, Victor"]
[Black "Sabria Batlle, Pol"]
[Result "1-0"]
[WhiteElo "2401"]
[BlackElo "2403"]
[PlyCount "85"]
[EventDate "2018.??.??"]
[SourceDate "2015.07.10"]
[WhiteTeam "SCU"]
[BlackTeam "OLO"]

1. e4 c5 2. Nf3 e6 3. d4 cxd4 4. Nxd4 Nc6 5. Nc3 Qc7 6. g3 a6 7. Bg2 Nf6 8. O-O
h5 9. Bg5 Be7 10. Qd2 d6 11. Nxc6 bxc6 12. Na4 Rb8 13. c4 c5 14. b3 Bb7 15.
Rfe1 Rd8 16. Rad1 Bc6 17. Nc3 Ba8 18. Qe2 e5 19. f4 Ng4 20. h3 f6 21. hxg4 fxg5
22. fxe5 dxe5 23. Nd5 Bxd5 24. exd5 h4 25. Qxe5 Qxe5 26. Rxe5 Kd7 27. d6 Bxd6
28. Rxc5 hxg3 29. Rxg5 Kc8 30. Rdd5 Bf4 31. Rxg7 Be3+ 32. Kf1 Rxd5 33. Bxd5 Bf2
34. Rg8+ Rxg8 35. Bxg8 Bd4 36. Kg2 Be5 37. Kf3 Kd7 38. Bd5 Kd6 39. g5 a5 40.
Kg4 Kc5 41. Kf5 Kd6 42. Kg6 Ke7 43. Kh7 1-0

[Event "Lliga Catalana DH "]
[Site "?"]
[Date "2018.03.17"]
[Round "9.4"]
[White "Triadu Cassa, Jordi"]
[Black "Lerch Gallemi, Jose Maria"]
[Result "0-1"]
[WhiteElo "2323"]
[BlackElo "2322"]
[PlyCount "140"]
[EventDate "2018.??.??"]
[SourceDate "2015.07.10"]
[WhiteTeam "OLO"]
[BlackTeam "SCU"]

1. e4 e5 2. Nf3 Qe7 3. Bc4 h6 4. Nc3 c6 5. a4 Nf6 6. b3 d6 7. Bb2 Be6 8. Bxe6
Qxe6 9. d4 Be7 10. O-O O-O 11. Re1 Re8 12. h3 Na6 13. Re3 Nd7 14. Ne2 Bf6 15.
d5 cxd5 16. exd5 Qf5 17. Ng3 Qg6 18. Ne4 Be7 19. c4 f5 20. Nc3 Ndc5 21. Nd2 Bg5
22. Re2 Nd3 23. Nf1 Nf4 24. Re3 Nxg2 25. Rg3 Nh4 26. Kh1 f4 27. Rg1 Qf5 28. Kh2
e4 29. Qg4 Qxg4 30. Rxg4 Nf3+ 31. Kh1 Ne5 32. Rg2 Nd3 33. Nd1 Nxb2 34. Nxb2 Nc5
35. b4 Nb3 36. Re1 Nd4 37. Rg4 h5 38. Rg2 Bf6 39. Rb1 f3 40. Rg1 Ne2 41. Ne3
Nxg1 42. Kxg1 g6 43. Nbd1 Rac8 44. Rc1 Kf7 45. Rc2 Bd4 46. Rd2 Be5 47. Rc2 b6
48. Nc3 Bxc3 49. Rxc3 Rc7 50. Kh2 Kf6 51. Rc1 g5 52. Kg3 Ke5 53. Rd1 Rec8 54.
Rc1 a6 55. Rc2 b5 56. axb5 axb5 57. c5 dxc5 58. bxc5 Rxc5 59. Ra2 Rb8 60. Ra6
Rxd5 61. Nxd5 Kxd5 62. Rg6 b4 63. Rxg5+ Kc4 64. Kf4 b3 65. Kxe4 b2 66. Rg1
b1=Q+ 67. Rxb1 Rxb1 68. Kxf3 Rb3+ 69. Kg2 Kd4 70. f3 Ke5 0-1

[Event "Lliga Catalana DH "]
[Site "?"]
[Date "2018.03.17"]
[Round "9.5"]
[White "Mateos Rozas, Miguel Angel"]
[Black "Aymerich Verdaguer, Eduard"]
[Result "1/2-1/2"]
[WhiteElo "2295"]
[BlackElo "2315"]
[PlyCount "128"]
[EventDate "2018.??.??"]
[SourceDate "2015.07.10"]
[WhiteTeam "SCU"]
[BlackTeam "OLO"]

1. e4 c5 2. Nf3 e6 3. Qe2 Nc6 4. g3 Nge7 5. Bg2 g6 6. O-O Bg7 7. d3 d6 8. c3
O-O 9. Rd1 e5 10. a3 h6 11. b4 Be6 12. Bb2 f5 13. Nbd2 a6 14. d4 cxd4 15. cxd4
exd4 16. exf5 Bf7 17. fxg6 Nxg6 18. Nf1 Re8 19. Qc2 Rc8 20. Qf5 Qb6 21. N1d2
Nge5 22. Nxe5 Nxe5 23. Ne4 Bg6 24. Nf6+ Kh8 25. Qf4 Rf8 26. Bxd4 Qd8 27. Bxe5
dxe5 28. Rxd8 exf4 29. Rxc8 Rxc8 30. Rd1 Bxf6 31. Bxb7 Rc3 32. a4 Bd3 33. gxf4
Kg7 34. Kg2 Be7 35. b5 axb5 36. axb5 Bxb5 37. Be4 Ba4 38. Rd2 Rc4 39. f3 Kf6
40. Ra2 Bd6 41. Kg3 Bb5 42. Rd2 Bc7 43. Ra2 Rc5 44. Ra8 Rg5+ 45. Kf2 Bxf4 46.
Rf8+ Ke5 47. h4 Rh5 48. Bg6 Rxh4 49. Rf5+ Ke6 50. Rxb5 Rh2+ 51. Kg1 Rd2 52. Be4
Be3+ 53. Kh1 Kf6 54. Rf5+ Kg7 55. Rd5 Rb2 56. Rf5 Rf2 57. Rd5 Kf6 58. Rf5+ Ke6
59. Rb5 Bd4 60. Rh5 Be3 61. Rb5 Kf6 62. Rf5+ Ke6 63. Rb5 Kf6 64. Rf5+ Ke6
1/2-1/2